000
00284nam a22001217a 4500
003
OSt
008
250212b |||||||| |||| 00| 0 eng d
041
_a
eng
100
_a
Yoshisuke, Kishida
_9
7128
245
_a
Japanese Agricultural Machinery Catalogue
260
_c
1994.
942
_c
BK
999
_c
19360
_d
19360